Responses for Show #5093 - Wednesday, November 1, 2006

Chris Mazurek game 5.

Contestants

[<< previous game]

Jim Spilman, a purchasing manager from Gloucester, Massachusetts

Liz Channon, a copy editor from Newport News, Virginia

Chris Mazurek, an assistant professor from Columbia, Missouri (whose 4-day cash winnings total $76,597)

[next game >>]

Jeopardy! Round responses

OUT WEST
CITY SONGS
CRAYOLA COLORS
IDENTITY THEFT
(Alex: You have to name the person whose identity has been stolen.)
THE ECONOMY
"SUPER" WORDS
    $200 16
(Jim: What are Canadian geese?)
(Liz: What are Canada geese?)
...
(Alex: Bigger than the geese. What are [*]? [*]. They're noisy, too.)

whooping cranes

LizJim
Triple Stumper
    $200 6
Paris

Chris
    $200 20
Yellow

Chris
    $200 11
Napoleon

Jim
    $200 30
California

Chris
    $200 1
Superboy

Triple Stumper
    $400 17
(Chris: Who is Calamity Jane?)

Annie Oakley

ChrisJim
    $400 7
Clarksville

Chris
    $400 22
Peach

Jim
    $400 12
Mother Teresa

Jim
    $400 29
Adam Smith

Chris
    $400 2
a superintendent

Chris
    $1,000 18
(Jim: Uh, what is a Brownie?)
(Alex: No. What is [*]?)
(Jim: Oh.)
(Alex: [*]--sounds a little bit like it.)

Kodak

Jim
    $600 8
"Viva Las Vegas"

Chris
    $600 23
Shamrock

Chris
    $600 13
Buzz Aldrin

Chris
    $600 28
West Germany

Jim
    $600 3
supercilious

Liz
    $800 19
(Liz: Whew.)
(Alex: Casper, [*].)

Wyoming

Liz
    $800 9
Allentown

Chris
    $800 24
Wisteria

Chris
    $800 14
(Stephen) Hawking

Jim
    $800 26
laissez-faire

Chris
    $800 4
a superscript

Chris
    $1000 21
Carlsbad Caverns

Jim
    $1000 10
Memphis

Chris
    $1000 25
(Alex: Minute to go.)

Macaroni and Cheese

Chris
    $1000 15
(Jim: Who is Faulkner?)
...
(Alex: It's a female author--[*].)

Eudora Welty

Jim
Triple Stumper
    $1000 27
the International Monetary Fund

Liz
    $1000 5
Superfund

Chris

Scores at the first commercial break (after clue 15):

Chris Liz Jim
$5,800 $600 $400

Scores at the end of the Jeopardy! Round:

Chris Liz Jim
$9,400 $2,200 $1,600

Double Jeopardy! Round responses

OPERA SETTINGS
NEXT LETTER AFTER...
ARTY FACTS
I WAS ON JEOPARDY!
YOU MUST BE AN "EGG"HEAD
A VISIT WITH SHERLOCK HOLMES
(Cheryl: We'll bring you as close as you'll come to consulting the great detective himself.)
    $400 16
the Rhine

Jim
    $400 17
M

Jim
    $400 24
1497

Jim
    $400 11
(Chris: What is the New York Mets?)
(Jim: Who is the Jets?)
...
(Alex: That was, of course, Mike Piazza, and before he played for the Mets and moved on from there, he played for [Chris whispers along with Alex] the [*].)

Los Angeles Dodgers

ChrisJim
Triple Stumper
    $400 1
eggplant

Liz
    $400 2
The Hound Of The Baskervilles

Liz
    $800 20
Madame Butterfly

Liz
    $800 18
(Alex: What is a [*]? [Pauses for laughter] J... [*].)

K

Triple Stumper
    $800 25
Monet

Liz
    $800 12
(Alex: That's right, played so well by Michael McKean.)

Lenny

Jim
    $800 7
reggae

Jim
    $800 3
Moriarty

Jim
    $1200 21
(Alex: And that opera, seldom performed, is [*]. [Sings the famous overture])
(Liz: I know it now.)

William Tell

Triple Stumper
    $1200 19
(Jim: What is gamma?)
...
(Alex: [*], yes! D... E!)

epsilon

LizJim
    $1200 26
(John Paul) Getty

Jim
    $1200 13
(Chris: [Sighs] I'm sorry. No. No.)
...
(Alex: Jeff Probst hosted [*].)

Rock & Roll Jeopardy!

Chris
Triple Stumper
    $1200 8
Eggs Benedict

Jim
    $1200 4
A Study in Scarlet

Chris
    $1600 22
Lucia di Lammermoor

Liz
    $1600 28
(Alex: People felt the Q was not necessary, so...)
[The end-of-round signal sounds.]
(Alex: Two clues will remain hidden from view...)

R

Triple Stumper
    $1600 14
(Alex: Both of them starring Nathan Lane.)

The Producers or A Funny Thing Happened on the Way to the Forum

Chris
    $2,400 9
arpeggio

Jim
    $1600 5
hemoglobin

Triple Stumper
    $2000 23
The Girl of the Golden West

Triple Stumper
    $4,500 27
(Alex: You are right. A dash. The lead.)

T

Jim
    $2000 15
(Alex: That's right, Jane Seymour.)

Dr. Quinn, Medicine Woman

Liz
    $2000 10
Heidegger

Chris
    $2000 6
Irene Adler

Liz

Scores at the end of the Double Jeopardy! Round:

Chris Liz Jim
$12,600 $11,400 $12,900

[wagering suggestions for these scores]

Final Jeopardy! Round responses

PHRASES IN AMERICAN HISTORY
LizWhat are church and state
$8,000
ChrisWhat is separation of church and state?
$12,302
JimWhat is separation of church + state
$12,650
separation of church and state

Final scores:

Chris Liz Jim
$24,902 $19,400 $25,550
2nd place: $2,000 3rd place: $1,000 New champion: $25,550

Game dynamics:

Coryat scores:

Chris Liz Jim
$12,600 $11,400 $10,600
19 R,
3 W
11 R,
1 W
17 R
(including 2 DDs),
5 W
(including 1 DD)

Combined Coryat: $34,600

[game clues] [game scores] [suggest correction]

Game tape date: 2006-09-13
The J! Archive is created by fans, for fans. Scraping, republication, monetization, and malicious use prohibited; this site may use cookies and collect identifying information. See terms. The Jeopardy! game show and all elements thereof, including but not limited to copyright and trademark thereto, are the property of Jeopardy Productions, Inc. and are protected under law. This website is not affiliated with, sponsored by, or operated by Jeopardy Productions, Inc. Join the discussion at JBoard.tv.